Plus Grandes Villes Danemark - Statistiques

Statistiques générales
  • Ce quiz a été pris 193 fois
  • Le résultat moyen est 6 sur 13
Statistiques - réponses
Ville
population
(en milliers)
% Correct
Copenhague 1 567
100%
Aarhus 240
83%
Aalborg 123
76%
Odense 158
75%
Esbjerg 72
40%
Roskilde 44
33%
Randers 55
31%
Vejle 51
30%
Kolding 55
27%
Herning 45
26%
Horsens 50
24%
Naestved 40
11%
Greve 41
3%
Aucun quiz correspondant
Distribution des résultats
% des personnes avec chaque résultat
Percentile par nombre de réponses
Votre historique - résultats
Vous n’avez pas pris ce quiz